00413nam a2200133 4500001000700000003000900007007000300016008004100019100002800060245006700088260005800155300003500213852003100248109568ES-MaACLt|061121s1968 sp r ||||1| spa d1 aMunar y Oliver, Gaspar.14aLos santuarios marianos de Mallorca / cGaspar Munar y Oliver. aPalma de Mallorca : bImprenta SS. Corazones, c1968. aVII, 495 p. : bil. ; c24 cm. aES-MaACLjB-8569 bR.66379